000 00414nam a2200169Ia 4500
008 180921t2017 xxu||||| |||| 00| 0 sin d
041 _asin
080 _aX8C32
_bJAY
100 _aJayathilaka, Nihal Ranjith
245 _aරාග ගිණි
246 _aRaga Gini
260 _bSarasavi
_aNugegoda
_c2017
300 _a114p, 21cm
942 _cBK
999 _c9559
_d9559
003 LK-CoDNM
040 _aLK-CoDNM
_dLK-CoDNM
_eLK-CoDNM